Eigentum und Enteignung im Dritten Reich /

Guardat en:
Dades bibliogràfiques
Autor principal: Brahm García, Enrique I. (Autor)
Format: Llibre
Idioma:alemany
Publicat: Steinbach, Taunus : Apelt, 1985.
Col·lecció:Steinbacher wissenschaftliche Reihe ; Bd. 5
Matèries:
Etiquetes: Afegir etiqueta
Sense etiquetes, Sigues el primer a etiquetar aquest registre!

MARC

LEADER 00000cam a2200000 a 4500
001 2885244
003 CL-VaPUC
005 20220822114904.0
008 870225s1985 gw b 000 0 ger
999 |c 438299  |d 438297 
010 |a  86156127  
020 |a 3925061045 
040 |a DLC  |c Pontificia Universidad Católica de Valparaíso  |d DLC 
043 |a e-gx--- 
050 0 0 |a KK5769  |b .B7 1985 
082 7 |a 346.0432 BRA 1985  |2 22 
100 2 |a Brahm García, Enrique I.  |e author  |9 875472 
245 1 0 |a Eigentum und Enteignung im Dritten Reich /  |c von Enrique I. Brahm Garcia. 
260 |a Steinbach, Taunus :  |b Apelt,  |c 1985. 
300 |a xiv, 295 p. ;  |c 21 cm. 
440 0 |a Steinbacher wissenschaftliche Reihe ;  |v Bd. 5  |9 875473 
500 |a c.1. Donación Familia Prof. Alejandro Guzmán Brito. 
504 |a Bibliography: p. iv-xi. 
583 |c 20220812  |k Cristina María Rojas Aguilar 
650 0 |a Dominio eminente  |x Tercer Reich  |z Alemania   |x Historia   |9 875474 
650 0 |a Derecho de propiedad  |x Tercer Reich  |z Alemania  |x Historia   |9 875475 
650 0 |a Socialismo nacional  |9 875476 
740 0 |a Eigentum und Enteignung im 3. Reich. 
906 |a 7  |b cbc  |c orignew  |d 4  |e ncip  |f 19  |g y-gencatlg 
942 |2 ddc  |c BK  |n 0 
952 |0 0  |1 0  |2 ddc  |4 0  |6 346_043200000000000_BRA_1985  |7 1  |8 C_AGB  |9 586190  |a BIBDER  |b BIBDER  |d 2022-08-12  |e Donación   |i 5654099  |o 346.0432 BRA 1985  |p 5654099  |r 2023-01-25  |t 1  |w 2022-08-12  |y BK_US  |k AGB